000 00343 a2200121 4500
000 nam a22 7a 4500
005 20260324150919.0
020 _a9780691264110
100 _aCharles A. Holt
_91228070
245 _aThe Economic Experience: An Introduction through Experiments
260 _bPrinceton University Press
_c2025
942 _cTEXL
999 _c1838326
_d1838326